[Event "EYTCC U18 Open 2019"]
[Site "Pardubice"]
[Date "2019.07.15"]
[Round "5.35"]
[White "Tsaruk, Maksim"]
[Black "Budisavljevic, Luka"]
[Result "1-0"]
[WhiteElo "2230"]
[BlackElo "2351"]
[Annotator "ChessBase"]
[PlyCount "153"]
[EventDate "2019.07.11"]
[EventType "swiss"]
[EventCountry "CZE"]
[SourceTitle "playchess.com"]
[Source "ChessBase"]
[SourceQuality "1"]
[WhiteTeam "Belarus"]
[BlackTeam "Serbia"]
[WhiteTeamCountry "BLR"]
[BlackTeamCountry "SRB"]
[TimeControl "40/5400+30:1800+30"]

1. e4 {[%emt 0:00:00]} c5 {[%emt 0:00:00]} 2. Nf3 {[%emt 0:00:00]} e6 {[%emt 0:00:00]} 3. d4 {[%emt 0:00:00]} cxd4 {[%emt 0:00:00]} 4. Nxd4 {[%emt 0:00:00]} a6 {[%emt 0:00:00]} 5. c4 {[%emt 0:00:11]} Nf6 {[%emt 0:00:00]} 6. Nc3 {[%emt 0:00:11]} Qc7 {[%emt 0:00:00]} 7. a3 {[%emt 0:00:11]} b6 {[%emt 0:00:00]} 8. Be3 {[%emt 0:00:13]} Bb7 {[%emt 0:00:00]} 9. f3 {[%emt 0:00:10]} Be7 {[%emt 0:00:00]} 10. Rc1 {[%emt 0:00:36]} O-O {[%emt 0:00:08]} 11. Be2 {[%emt 0:00:04]} d6 {[%emt 0:00:05]} 12. O-O {[%emt 0:00:13]} Nbd7 {[%emt 0:00:01]} 13. b4 {[%emt 0:00:41]} Rac8 {[%emt 0:00:10]} 14. Qd2 {[%emt 0:04:32]} Qb8 {[%emt 0:00:05]} 15. Kh1 {[%emt 0:00:31]} Rfe8 {[%emt 0:00:34]} 16. Nb3 {[%emt 0:01:54]} Ne5 {[%emt 0:01:11]} 17. Na4 {[%emt 0:09:16]} Nfd7 {[%emt 0:00:05]} 18. Nd4 {[%emt 0:10:56]} h5 {[%emt 0:20:32]} 19. Bg5 {[%emt 0:27:44]} Bf8 {[%emt 0:04:03]} 20. Rfd1 {[%emt 0:03:18]} Ng6 {[%emt 0:08:10]} 21. Bf1 {[%emt 0:02:50]} Ba8 {[%emt 0:09:31]} 22. Qf2 {[%emt 0:04:14]} d5 {[%emt 0:23:03]} 23. cxd5 {[%emt 0:08:42]} exd5 {[%emt 0:00:17]} 24. exd5 {[%emt 0:00:23]} Rxc1 {[%emt 0:02:12]} 25. Bxc1 {[%emt 0:02:44]} Bxd5 {[%emt 0:04:33]} 26. Bxa6 {[%emt 0:00:24]} Nf6 {[%emt 0:00:28]} 27. Nc3 {[%emt 0:08:33]} Ba8 {[%emt 0:00:17]} 28. Bb5 {[%emt 0:05:24]} Rc8 {[%emt 0:01:44]} 29. Nce2 {[%emt 0:00:11]} Bd6 {[%emt 0:08:19]} 30. h3 {[%emt 0:02:11]} Be5 {[%emt 0:01:15]} 31. Nf5 {[%emt 0:01:35]} Rd8 {[%emt 0:02:29]} 32. Rxd8+ {[%emt 0:04:03]} Qxd8 {[%emt 0:00:00]} 33. Be3 {[%emt 0:00:19]} Qd5 {[%emt 0:04:23]} 34. a4 {[%emt 0:00:26]} Bc7 {[%emt 0:03:52]} 35. Ned4 {[%emt 0:02:52]} Qe5 {[%emt 0:00:36]} 36. Kg1 {[%emt 0:00:58]} Nd5 {[%emt 0:05:34]} 37. Bd2 {[%emt 0:00:05]} Qh2+ {[%emt 0:03:49]} 38. Kf1 {[%emt 0:00:04]} Bf4 {[%emt 0:00:09]} 39. Be1 {[%emt 0:00:55]} Be5 {[%emt 0:01:11]} 40. Ne2 {[%emt 0:01:31]} Bb8 {[%emt 0:00:36]} 41. Qd4 {[%emt 0:06:50]} Nf6 {[%emt 0:20:16]} 42. Neg3 {[%emt 0:15:11]} Nf4 {[%emt 0:09:05]} 43. Qg1 {[%emt 0:00:18]} Qxg1+ {[%emt 0:00:02]} 44. Kxg1 {[%emt 0:00:10]} g6 {[%emt 0:01:50]} 45. Ne3 {[%emt 0:02:26]} Be5 {[%emt 0:00:58]} 46. Ne2 {[%emt 0:02:20]} Ne6 {[%emt 0:00:45]} 47. Nc4 {[%emt 0:00:25]} Bc7 {[%emt 0:00:07]} 48. Nc3 {[%emt 0:00:58]} Nd4 {[%emt 0:01:00]} 49. Bf2 {[%emt 0:00:36]} Nc2 {[%emt 0:00:11]} 50. Nxb6 {[%emt 0:03:05]} Bxb6 {[%emt 0:00:11]} 51. Bxb6 {[%emt 0:00:03]} Nxb4 {[%emt 0:00:01]} 52. Bd4 {[%emt 0:01:18]} Nfd5 {[%emt 0:00:10]} 53. Nxd5 {[%emt 0:00:08]} Nxd5 {[%emt 0:00:48]} 54. a5 {[%emt 0:00:06]} Nc7 {[%emt 0:00:23]} 55. Bc4 {[%emt 0:00:04]} Bb7 {[%emt 0:00:30]} 56. h4 {[%emt 0:00:05]} Ba6 {[%emt 0:01:22]} 57. Bxa6 {[%emt 0:03:35]} Nxa6 {[%emt 0:00:01]} 58. Kf2 {[%emt 0:00:07]} Kf8 {[%emt 0:00:21]} 59. Ke3 {[%emt 0:00:10]} Ke7 {[%emt 0:00:09]} 60. Bb2 {[%emt 0:00:15]} Ke6 {[%emt 0:01:11]} 61. Kd4 {[%emt 0:00:14]} Kd6 {[%emt 0:00:28]} 62. Ba3+ {[%emt 0:00:04]} Ke6 {[%emt 0:01:15]} 63. Kc4 {[%emt 0:00:06]} Kd7 {[%emt 0:00:23]} 64. Kd5 {[%emt 0:01:23]} Nc7+ {[%emt 0:00:33]} 65. Ke5 {[%emt 0:00:04]} Ne8 {[%emt 0:00:27]} 66. a6 {[%emt 0:01:30]} Kc6 {[%emt 0:00:27]} 67. a7 {[%emt 0:00:09]} Kb7 68. Bc5 {[%emt 0:00:09]} Ka8 {[%emt 0:00:48]} 69. Bf2 {[%emt 0:01:36]} Kb7 {[%emt 0:00:05]} 70. Kd5 {[%emt 0:00:07]} Nf6+ {[%emt 0:00:32]} 71. Kd6 {[%emt 0:00:07]} Ng8 {[%emt 0:01:17]} 72. Kd7 {[%emt 0:00:09]} f6 {[%emt 0:00:19]} 73. Ke6 {[%emt 0:00:06]} g5 {[%emt 0:00:02]} 74. Kf7 {[%emt 0:00:31]} Nh6+ {[%emt 0:00:26]} 75. Kg7 {[%emt 0:00:20]} Nf5+ {[%emt 0:00:24]} 76. Kxf6 {[%emt 0:00:05]} Nxh4 {[%emt 0:00:22]} 77. Bxh4 {[%emt 0:00:04]} 1-0

[Event "EYTCC U18 Open 2019"]
[Site "Pardubice"]
[Date "2019.07.15"]
[Round "5.36"]
[White "Omorjan, Dejan"]
[Black "Runets, Ivan"]
[Result "0-1"]
[WhiteElo "2317"]
[BlackElo "2239"]
[Annotator "NA"]
[PlyCount "116"]
[EventDate "2019.07.11"]
[EventType "swiss"]
[EventCountry "CZE"]
[SourceTitle "playchess.com"]
[Source "ChessBase"]
[SourceQuality "1"]
[WhiteTeam "Serbia"]
[BlackTeam "Belarus"]
[WhiteTeamCountry "SRB"]
[BlackTeamCountry "BLR"]
[TimeControl "40/5400+30:1800+30"]

1. d4 {[%emt 0:00:00]} Nf6 {[%emt 0:00:53]} 2. Nf3 {[%emt 0:00:00]} e6 {[%emt 0:00:08]} 3. Bf4 {[%emt 0:00:00]} b6 {[%emt 0:04:04]} 4. e3 {[%emt 0:02:47]} Bb7 {[%emt 0:00:06]} 5. c4 {[%emt 0:01:43]} Be7 {[%emt 0:00:34]} 6. Nc3 {[%emt 0:02:34]} Nh5 {[%emt 0:04:38]} 7. Bg3 {[%emt 0:02:00]} d6 {[%emt 0:01:20]} 8. Qc2 {[%emt 0:06:35]} Nd7 {[%emt 0:06:26]} 9. Rd1 {[%emt 0:08:43]} h6 {[%emt 0:00:25]} 10. b4 {[%emt 0:09:05]} O-O {[%emt 0:07:45]} 11. c5 {[%emt 0:07:04]} bxc5 {[%emt 0:06:38]} 12. bxc5 {[%emt 0:03:43]} Qc8 {[%emt 0:03:15]} 13. Be2 {[%emt 0:07:28]} a6 {[%emt 0:06:15]} 14. O-O {[%emt 0:05:19]} Nxg3 {[%emt 0:00:26]} 15. hxg3 {[%emt 0:02:53]} dxc5 {[%emt 0:00:13]} 16. d5 {[%emt 0:01:14]} exd5 {[%emt 0:00:06]} 17. Nxd5 {[%emt 0:01:09]} Bxd5 {[%emt 0:05:29]} 18. Rxd5 {[%emt 0:00:16]} Nb6 {[%emt 0:00:11]} 19. Re5 {[%emt 0:05:28]} Bd6 {[%emt 0:09:52]} 20. Rh5 {[%emt 0:01:12]} Re8 {[%emt 0:01:10]} 21. Bd3 {[%emt 0:06:23]} Qe6 {[%emt 0:01:23]} 22. Nd2 {[%emt 0:04:33]} a5 {[%emt 0:02:44]} 23. Nc4 {[%emt 0:07:21]} Nd5 {[%emt 0:07:46]} 24. Bf5 {[%emt 0:02:53]} Nb4 {[%emt 0:05:21]} 25. Bxe6 {[%emt 0:00:55]} Nxc2 {[%emt 0:00:17]} 26. Bd5 {[%emt 0:00:59]} Rad8 {[%emt 0:11:23]} 27. a3 {[%emt 0:03:00]} g6 {[%emt 0:00:12]} 28. Rh3 {[%emt 0:01:39]} Bf8 {[%emt 0:03:58]} 29. Bc6 {[%emt 0:03:02]} Re6 {[%emt 0:00:04]} 30. Ba4 {[%emt 0:01:40]} Re4 {[%emt 0:00:28]} 31. Bb3 {[%emt 0:03:12]} a4 {[%emt 0:01:25]} 32. f3 {[%emt 0:00:34]} Nxe3 {[%emt 0:02:40]} 33. Nxe3 {[%emt 0:00:32]} Rxe3 {[%emt 0:00:05]} 34. Bxa4 {[%emt 0:00:05]} Rxa3 {[%emt 0:00:04]} 35. Bb5 {[%emt 0:00:23]} Rb3 {[%emt 0:02:22]} 36. Bc4 {[%emt 0:00:33]} Rb4 {[%emt 0:00:09]} 37. Rc1 {[%emt 0:00:41]} Rd2 {[%emt 0:00:47]} 38. Rh4 {[%emt 0:00:33]} Rd4 {[%emt 0:00:47]} 39. Re4 {[%emt 0:00:41]} Kg7 {[%emt 0:00:30]} 40. g4 {[%emt 0:00:31]} Bd6 {[%emt 0:01:33]} 41. Kf2 {[%emt 0:06:26]} f5 {[%emt 0:03:23]} 42. gxf5 {[%emt 0:00:24]} gxf5 {[%emt 0:00:09]} 43. Rxd4 {[%emt 0:00:14]} cxd4 {[%emt 0:00:05]} 44. Bd3 {[%emt 0:04:52]} Kf6 {[%emt 0:03:07]} 45. g4 {[%emt 0:02:48]} Rb2+ {[%emt 0:05:09]} 46. Rc2 {[%emt 0:05:14]} Rxc2+ {[%emt 0:01:46]} 47. Bxc2 {[%emt 0:00:04]} fxg4 {[%emt 0:01:50]} 48. fxg4 {[%emt 0:00:11]} c5 {[%emt 0:01:25]} 49. Bb3 {[%emt 0:03:29]} Ke5 {[%emt 0:00:09]} 50. Ke2 {[%emt 0:02:49]} Ke4 {[%emt 0:00:39]} 51. Bc4 {[%emt 0:00:27]} Be7 {[%emt 0:00:20]} 52. Bb5 {[%emt 0:04:52]} Kf4 {[%emt 0:00:27]} 53. Bd7 {[%emt 0:00:51]} c4 {[%emt 0:05:00]} 54. Bb5 {[%emt 0:02:02]} c3 {[%emt 0:00:10]} 55. Bd7 {[%emt 0:01:33]} c2 {[%emt 0:00:01]} 56. Kd2 {[%emt 0:00:12]} d3 {[%emt 0:00:02]} 57. Bf5 {[%emt 0:00:25]} Bb4+ {[%emt 0:00:02]} 58. Kc1 {[%emt 0:00:13]} Ba3+ {[%emt 0:00:03]} 0-1

[Event "EYTCC U18 Open 2019"]
[Site "Pardubice"]
[Date "2019.07.16"]
[Round "6.1"]
[White "Erenberg, Ariel"]
[Black "Ivic, Velimir"]
[Result "1/2-1/2"]
[WhiteElo "2442"]
[BlackElo "2510"]
[Annotator "ChessBase"]
[PlyCount "61"]
[EventDate "2019.07.11"]
[EventType "swiss"]
[EventCountry "CZE"]
[SourceTitle "playchess.com"]
[Source "ChessBase"]
[SourceQuality "1"]
[WhiteTeam "Israel"]
[BlackTeam "Serbia"]
[WhiteTeamCountry "ISR"]
[BlackTeamCountry "SRB"]
[TimeControl "40/5400+30:1800+30"]

1. Nf3 {[%emt 0:00:00]} Nf6 {[%emt 0:00:00]} 2. c4 {[%emt 0:00:00]} g6 {[%emt 0:00:00]} 3. Nc3 {[%emt 0:00:00]} Bg7 {[%emt 0:00:00]} 4. e4 {[%emt 0:00:57]} e5 {[%emt 0:03:48]} 5. d4 {[%emt 0:21:05]} exd4 {[%emt 0:00:27]} 6. Nxd4 {[%emt 0:00:06]} O-O {[%emt 0:01:11]} 7. Be3 {[%emt 0:01:14]} Re8 {[%emt 0:06:30]} 8. Bd3 {[%emt 0:00:47]} c6 {[%emt 0:15:22]} 9. O-O {[%emt 0:00:21]} d5 {[%emt 0:05:52]} 10. cxd5 {[%emt 0:04:09]} cxd5 {[%emt 0:01:03]} 11. exd5 {[%emt 0:00:21]} Nxd5 {[%emt 0:01:39]} 12. Nxd5 {[%emt 0:00:13]} Qxd5 {[%emt 0:00:10]} 13. Be2 {[%emt 0:05:33]} a6 {[%emt 0:15:53]} 14. Bf3 {[%emt 0:18:24]} Qd6 {[%emt 0:04:01]} 15. Rc1 {[%emt 0:02:59]} Nd7 {[%emt 0:00:51]} 16. Qa4 {[%emt 0:01:44]} Nf6 {[%emt 0:11:07]} 17. h3 {[%emt 0:20:22]} Bd7 {[%emt 0:15:11]} 18. Qb3 {[%emt 0:01:09]} Rac8 {[%emt 0:04:31]} 19. Rxc8 {[%emt 0:04:10]} Bxc8 {[%emt 0:01:25]} 20. Rd1 {[%emt 0:01:16]} Qe7 {[%emt 0:01:39]} 21. Ne2 {[%emt 0:05:25]} b5 {[%emt 0:00:54]} 22. Nf4 {[%emt 0:00:38]} Bb7 {[%emt 0:01:08]} 23. Bxb7 {[%emt 0:00:28]} Qxb7 {[%emt 0:00:05]} 24. a4 {[%emt 0:00:12]} Qc6 {[%emt 0:02:08]} 25. axb5 {[%emt 0:00:28]} Qxb5 {[%emt 0:00:28]} 26. Qxb5 {[%emt 0:00:45]} axb5 {[%emt 0:00:02]} 27. Nd5 {[%emt 0:00:43]} Nxd5 {[%emt 0:00:09]} 28. Rxd5 {[%emt 0:00:06]} Bxb2 {[%emt 0:00:05]} 29. Rxb5 {[%emt 0:00:29]} Bc1 {[%emt 0:00:06]} 30. Bxc1 {[%emt 0:01:19]} Re1+ {[%emt 0:00:04]} 31. Kh2 {[%emt 0:00:30]} 1/2-1/2

[Event "EYTCC U18 Open 2019"]
[Site "Pardubice"]
[Date "2019.07.16"]
[Round "6.2"]
[White "Radovanovic, Mihajlo"]
[Black "Bronstein, Or"]
[Result "1-0"]
[WhiteElo "2500"]
[BlackElo "2378"]
[Annotator "ChessBase"]
[PlyCount "67"]
[EventDate "2019.07.11"]
[EventType "swiss"]
[EventCountry "CZE"]
[SourceTitle "playchess.com"]
[Source "ChessBase"]
[SourceQuality "1"]
[WhiteTeam "Serbia"]
[BlackTeam "Israel"]
[WhiteTeamCountry "SRB"]
[BlackTeamCountry "ISR"]
[TimeControl "40/5400+30:1800+30"]

1. g3 {[%emt 0:00:00]} c5 {[%emt 0:02:51]} 2. Bg2 {[%emt 0:00:00]} g6 {[%emt 0:00:40]} 3. d3 {[%emt 0:00:39]} Bg7 {[%emt 0:00:32]} 4. e4 {[%emt 0:00:18]} Nc6 {[%emt 0:00:13]} 5. f4 {[%emt 0:00:08]} d6 {[%emt 0:00:27]} 6. Nf3 {[%emt 0:00:06]} Nf6 {[%emt 0:02:14]} 7. O-O {[%emt 0:00:23]} O-O {[%emt 0:00:11]} 8. Nc3 {[%emt 0:02:26]} Rb8 {[%emt 0:00:39]} 9. a4 {[%emt 0:00:36]} a6 {[%emt 0:02:06]} 10. h3 {[%emt 0:00:26]} b5 {[%emt 0:00:08]} 11. axb5 {[%emt 0:00:07]} axb5 {[%emt 0:00:02]} 12. g4 {[%emt 0:01:56]} b4 {[%emt 0:00:46]} 13. Ne2 {[%emt 0:00:06]} Nd7 {[%emt 0:03:03]} 14. Qe1 {[%emt 0:06:56]} Bb7 {[%emt 0:01:39]} 15. h4 {[%emt 0:16:12]} Qb6 {[%emt 0:07:18]} 16. Be3 {[%emt 0:07:54]} Bxb2 {[%emt 0:03:22]} 17. Rb1 {[%emt 0:00:23]} Bg7 {[%emt 0:05:42]} 18. h5 {[%emt 0:00:05]} Ra8 {[%emt 0:00:34]} 19. hxg6 {[%emt 0:04:56]} hxg6 {[%emt 0:00:55]} 20. Qh4 {[%emt 0:01:12]} Rfe8 {[%emt 0:16:38]} 21. Ng5 {[%emt 0:10:59]} Nf6 {[%emt 0:02:33]} 22. e5 {[%emt 0:07:12]} dxe5 {[%emt 0:01:21]} 23. Bd5 {[%emt 0:00:25]} e6 {[%emt 0:24:39]} 24. fxe5 {[%emt 0:09:47]} Nxe5 {[%emt 0:00:02]} 25. Bxb7 {[%emt 0:03:18]} Qxb7 {[%emt 0:00:11]} 26. Rxf6 {[%emt 0:00:33]} Bxf6 {[%emt 0:00:42]} 27. Qh7+ {[%emt 0:00:09]} Kf8 {[%emt 0:00:03]} 28. Bxc5+ {[%emt 0:00:10]} Re7 {[%emt 0:00:07]} 29. Rf1 {[%emt 0:03:23]} Ke8 {[%emt 0:12:53]} 30. Ne4 {[%emt 0:00:49]} Qc6 {[%emt 0:04:35]} 31. Nd4 {[%emt 0:03:31]} Nf3+ {[%emt 0:00:49]} 32. Nxf3 {[%emt 0:00:14]} Bb2 {[%emt 0:00:39]} 33. Bxe7 {[%emt 0:01:25]} Kxe7 {[%emt 0:00:09]} 34. Qxf7+ {[%emt 0:00:41]} 1-0

[Event "EYTCC U18 Open 2019"]
[Site "Pardubice"]
[Date "2019.07.16"]
[Round "6.3"]
[White "GORSHTEIN, Ido"]
[Black "Budisavljevic, Luka"]
[Result "0-1"]
[WhiteElo "2367"]
[BlackElo "2351"]
[Annotator "NA"]
[PlyCount "90"]
[EventDate "2019.07.11"]
[EventType "swiss"]
[EventCountry "CZE"]
[SourceTitle "playchess.com"]
[Source "ChessBase"]
[SourceQuality "1"]
[BlackTeam "Serbia"]
[BlackTeamCountry "SRB"]
[TimeControl "40/5400+30:1800+30"]

1. e4 {[%emt 0:00:00]} c5 {[%emt 0:00:00]} 2. Nf3 {[%emt 0:00:00]} e6 {[%emt 0:00:00]} 3. d4 {[%emt 0:00:00]} cxd4 {[%emt 0:00:02]} 4. Nxd4 {[%emt 0:00:00]} Nc6 {[%emt 0:00:37]} 5. Nb5 {[%emt 0:00:00]} d6 {[%emt 0:00:47]} 6. c4 {[%emt 0:00:00]} Nf6 {[%emt 0:00:28]} 7. N5c3 {[%emt 0:00:03]} Be7 {[%emt 0:01:02]} 8. Be2 {[%emt 0:00:09]} O-O {[%emt 0:00:25]} 9. O-O {[%emt 0:00:24]} b6 {[%emt 0:00:33]} 10. Be3 {[%emt 0:01:35]} Bb7 {[%emt 0:00:05]} 11. a3 {[%emt 0:15:10]} Rc8 {[%emt 0:01:32]} 12. Nd2 {[%emt 0:04:57]} d5 {[%emt 0:16:09]} 13. cxd5 {[%emt 0:00:09]} exd5 {[%emt 0:00:05]} 14. exd5 {[%emt 0:00:14]} Nxd5 {[%emt 0:00:11]} 15. Nxd5 {[%emt 0:00:02]} Qxd5 {[%emt 0:00:07]} 16. Bf3 {[%emt 0:01:26]} Qb5 {[%emt 0:03:56]} 17. b4 {[%emt 0:08:49]} Rfd8 {[%emt 0:07:00]} 18. Qb1 {[%emt 0:06:10]} Ba8 {[%emt 0:12:36]} 19. Be4 {[%emt 0:08:25]} g6 {[%emt 0:05:12]} 20. Nf3 {[%emt 0:00:57]} Bf6 {[%emt 0:08:19]} 21. Ra2 {[%emt 0:00:10]} Nd4 {[%emt 0:00:56]} 22. Bxd4 {[%emt 0:02:10]} Bxd4 {[%emt 0:00:10]} 23. Bxa8 {[%emt 0:01:07]} Rxa8 {[%emt 0:00:08]} 24. Rd2 {[%emt 0:01:41]} Bc3 {[%emt 0:03:54]} 25. Rxd8+ {[%emt 0:00:08]} Rxd8 {[%emt 0:00:01]} 26. Rd1 {[%emt 0:03:19]} Rxd1+ {[%emt 0:08:49]} 27. Qxd1 {[%emt 0:00:02]} Bf6 {[%emt 0:02:09]} 28. Qc2 {[%emt 0:02:48]} Kg7 {[%emt 0:00:50]} 29. g3 {[%emt 0:03:26]} h5 {[%emt 0:05:48]} 30. h4 {[%emt 0:00:11]} Qd5 {[%emt 0:00:43]} 31. Nd2 {[%emt 0:00:56]} Qe5 {[%emt 0:02:48]} 32. Nc4 {[%emt 0:09:23]} Qd4 {[%emt 0:01:39]} 33. b5 {[%emt 0:03:58]} Qc5 {[%emt 0:01:30]} 34. Qb3 {[%emt 0:12:43]} Bd4 {[%emt 0:00:34]} 35. Ne3 {[%emt 0:00:08]} Qc1+ {[%emt 0:05:49]} 36. Kg2 {[%emt 0:01:43]} Qd2 {[%emt 0:00:04]} 37. Kf3 {[%emt 0:04:11]} Kg8 {[%emt 0:08:39]} 38. Nd1 {[%emt 0:02:48]} Qe1 {[%emt 0:01:06]} 39. a4 {[%emt 0:01:24]} Qh1+ {[%emt 0:03:15]} 40. Ke2 {[%emt 0:00:26]} Qe4+ {[%emt 0:00:14]} 41. Kf1 {[%emt 0:32:20]} Qh1+ {[%emt 0:30:43]} 42. Ke2 {[%emt 0:02:29]} Qe4+ {[%emt 0:00:01]} 43. Kf1 {[%emt 0:00:11]} Bc5 {[%emt 0:00:37]} 44. Nb2 {[%emt 0:00:00]} Qb1+ {[%emt 0:00:00]} 45. Ke2 {[%emt 0:00:00]} Bd4 {[%emt 0:00:00]} 0-1

[Event "EYTCC U18 Open 2019"]
[Site "Pardubice"]
[Date "2019.07.16"]
[Round "6.4"]
[White "Omorjan, Dejan"]
[Black "Emanuel, Yahav"]
[Result "1/2-1/2"]
[WhiteElo "2317"]
[BlackElo "2359"]
[Annotator "NA"]
[PlyCount "95"]
[EventDate "2019.07.11"]
[EventType "swiss"]
[EventCountry "CZE"]
[SourceTitle "playchess.com"]
[Source "ChessBase"]
[SourceQuality "1"]
[WhiteTeam "Serbia"]
[BlackTeam "Israel"]
[WhiteTeamCountry "SRB"]
[BlackTeamCountry "ISR"]
[TimeControl "40/5400+30:1800+30"]

1. Nf3 {[%emt 0:00:00]} Nf6 {[%emt 0:00:00]} 2. e3 {[%emt 0:00:00]} e6 {[%emt 0:02:37]} 3. b3 {[%emt 0:00:10]} d5 {[%emt 0:01:14]} 4. c4 {[%emt 0:00:35]} Bd6 {[%emt 0:07:59]} 5. Bb2 {[%emt 0:01:53]} O-O {[%emt 0:00:32]} 6. Be2 {[%emt 0:04:04]} b6 {[%emt 0:06:28]} 7. O-O {[%emt 0:00:54]} Bb7 {[%emt 0:00:36]} 8. d3 {[%emt 0:02:03]} c5 {[%emt 0:03:18]} 9. Nc3 {[%emt 0:03:50]} Nbd7 {[%emt 0:09:13]} 10. Rc1 {[%emt 0:02:52]} Rc8 {[%emt 0:02:16]} 11. cxd5 {[%emt 0:09:55]} exd5 {[%emt 0:01:26]} 12. d4 {[%emt 0:00:51]} Qe7 {[%emt 0:04:55]} 13. Bb5 {[%emt 0:10:13]} Rfd8 {[%emt 0:07:21]} 14. Qe2 {[%emt 0:02:23]} Ne4 {[%emt 0:04:22]} 15. Ba6 {[%emt 0:07:46]} Bxa6 {[%emt 0:02:26]} 16. Qxa6 {[%emt 0:01:02]} Ndf6 {[%emt 0:01:04]} 17. Qe2 {[%emt 0:03:57]} Bb8 {[%emt 0:05:02]} 18. g3 {[%emt 0:09:09]} Rc6 {[%emt 0:06:13]} 19. dxc5 {[%emt 0:07:28]} bxc5 {[%emt 0:00:42]} 20. Rfd1 {[%emt 0:04:48]} Re6 {[%emt 0:05:59]} 21. Nxe4 {[%emt 0:07:29]} Nxe4 {[%emt 0:02:32]} 22. Ba3 {[%emt 0:03:43]} Rf6 {[%emt 0:03:18]} 23. Bb2 {[%emt 0:03:52]} Rh6 {[%emt 0:02:29]} 24. Nd2 {[%emt 0:03:11]} Ng5 {[%emt 0:01:47]} 25. Qg4 {[%emt 0:06:11]} Ra6 {[%emt 0:11:46]} 26. a3 {[%emt 0:01:42]} g6 {[%emt 0:02:48]} 27. h4 {[%emt 0:01:42]} Ne6 {[%emt 0:00:01]} 28. Qf3 {[%emt 0:00:31]} f5 {[%emt 0:01:08]} 29. Nf1 {[%emt 0:01:16]} Qb7 {[%emt 0:02:23]} 30. b4 {[%emt 0:00:45]} cxb4 {[%emt 0:01:42]} 31. axb4 {[%emt 0:00:03]} Rad6 {[%emt 0:00:46]} 32. Bf6 {[%emt 0:00:29]} Rf8 {[%emt 0:00:56]} 33. Be5 {[%emt 0:00:16]} Rd7 {[%emt 0:00:05]} 34. Bc3 {[%emt 0:00:33]} Bc7 {[%emt 0:00:54]} 35. Rd3 {[%emt 0:00:40]} Rfd8 {[%emt 0:00:38]} 36. Rcd1 {[%emt 0:00:36]} Bb6 {[%emt 0:00:11]} 37. Bf6 {[%emt 0:00:58]} Rf8 {[%emt 0:00:02]} 38. Bc3 {[%emt 0:00:16]} Rfd8 {[%emt 0:00:05]} 39. Bf6 {[%emt 0:00:12]} Rf8 {[%emt 0:01:08]} 40. Bc3 {[%emt 0:00:17]} Qc6 {[%emt 0:00:40]} 41. Qg2 {[%emt 0:09:52]} Rc8 {[%emt 0:03:53]} 42. Ba1 {[%emt 0:01:53]} Qa4 {[%emt 0:04:58]} 43. Qf3 {[%emt 0:03:53]} Rcd8 {[%emt 0:02:08]} 44. Bf6 {[%emt 0:01:29]} Rf8 {[%emt 0:00:12]} 45. Bc3 {[%emt 0:01:05]} Rfd8 {[%emt 0:02:19]} 46. Bf6 {[%emt 0:03:50]} Rf8 {[%emt 0:00:08]} 47. Bc3 {[%emt 0:00:12]} Rfd8 {[%emt 0:00:07]} 48. Bf6 {[%emt 0:00:11]} 1/2-1/2

[Event "EYTCC U18 Open 2019"]
[Site "Pardubice"]
[Date "2019.07.16"]
[Round "6.5"]
[White "Jakab, Bela"]
[Black "Gumularz, Szymon"]
[Result "1/2-1/2"]
[WhiteElo "2278"]
[BlackElo "2502"]
[Annotator "ChessBase"]
[PlyCount "70"]
[EventDate "2019.07.11"]
[EventType "swiss"]
[EventCountry "CZE"]
[SourceTitle "playchess.com"]
[Source "ChessBase"]
[SourceQuality "1"]
[WhiteTeam "Slovakia"]
[BlackTeam "Poland"]
[WhiteTeamCountry "SVK"]
[BlackTeamCountry "POL"]
[TimeControl "40/5400+30:1800+30"]

1. e4 {[%emt 0:00:00]} g6 {[%emt 0:00:00]} 2. d4 {[%emt 0:00:00]} Bg7 {[%emt 0:00:00]} 3. Nc3 {[%emt 0:00:00]} c6 {[%emt 0:00:00]} 4. Be3 {[%emt 0:00:35]} d5 {[%emt 0:00:47]} 5. e5 {[%emt 0:01:30]} Qb6 {[%emt 0:07:19]} 6. Bd3 {[%emt 0:05:44]} f6 {[%emt 0:05:10]} 7. Nge2 {[%emt 0:03:07]} Nh6 {[%emt 0:11:24]} 8. Qd2 {[%emt 0:06:51]} Nf5 {[%emt 0:10:58]} 9. exf6 {[%emt 0:04:43]} Bxf6 {[%emt 0:03:05]} 10. Bg5 {[%emt 0:03:36]} O-O {[%emt 0:03:13]} 11. Bxf6 {[%emt 0:01:40]} Rxf6 {[%emt 0:11:25]} 12. Bxf5 {[%emt 0:03:35]} Bxf5 {[%emt 0:00:05]} 13. O-O-O {[%emt 0:00:12]} Nd7 {[%emt 0:05:47]} 14. Qg5 {[%emt 0:09:54]} Qa5 {[%emt 0:11:34]} 15. g4 {[%emt 0:05:57]} Be6 {[%emt 0:00:18]} 16. f4 {[%emt 0:00:13]} b5 {[%emt 0:03:01]} 17. f5 {[%emt 0:03:27]} Bf7 {[%emt 0:00:41]} 18. fxg6 {[%emt 0:02:55]} hxg6 {[%emt 0:03:36]} 19. h4 {[%emt 0:02:42]} b4 {[%emt 0:00:51]} 20. Nb1 {[%emt 0:00:45]} Nf8 {[%emt 0:06:25]} 21. Rdf1 {[%emt 0:07:27]} Nh7 {[%emt 0:00:46]} 22. Qe3 {[%emt 0:00:25]} c5 {[%emt 0:05:03]} 23. dxc5 {[%emt 0:11:04]} Rc8 {[%emt 0:01:33]} 24. Rxf6 {[%emt 0:02:07]} exf6 {[%emt 0:00:32]} 25. g5 {[%emt 0:00:26]} Qxc5 {[%emt 0:01:18]} 26. Qd2 {[%emt 0:08:51]} fxg5 {[%emt 0:04:43]} 27. hxg5 {[%emt 0:00:53]} d4 {[%emt 0:00:21]} 28. Nxd4 {[%emt 0:01:09]} Qxg5 {[%emt 0:00:15]} 29. Qxg5 {[%emt 0:01:33]} Nxg5 {[%emt 0:00:02]} 30. a3 {[%emt 0:00:17]} a5 {[%emt 0:01:17]} 31. axb4 {[%emt 0:01:00]} axb4 {[%emt 0:00:01]} 32. Nd2 {[%emt 0:00:28]} Ne6 {[%emt 0:00:43]} 33. Nxe6 {[%emt 0:01:04]} Bxe6 {[%emt 0:00:02]} 34. Rh4 {[%emt 0:00:32]} Rb8 {[%emt 0:02:11]} 35. Ne4 {[%emt 0:00:45]} Bf5 {[%emt 0:00:46]} 1/2-1/2